Income, employment and public policy ; essays in honor of Alvin H. Hansen /

Bibliographic Details
Other Authors: Metzler, Lloyd A. (Lloyd Appleton)
Format: Book
Language:English
Published: New York : W.W. Norton, [1948]
Edition:1st ed.].
Subjects:

MARC

Tag First Indicator Second Indicator Subfields
LEADER 00000cam a2200000 4500
001 in00000068512
005 20151008050220.0
008 711029s1948 nyu b 00000 eng u
010 |a  48003186  
035 |a (OCoLC)00167385 
035 |9 AAG0047AM 
040 |c WSU  |d TXA  |d UtOrBLW 
049 |a TXAM  |c [159438] 
050 0 |a HB31  |b .I55 
092 |a 330.4  |b I36 
245 0 0 |a Income, employment and public policy ;  |b essays in honor of Alvin H. Hansen /  |c by Lloyd A. Metzler [and others. 
250 |a 1st ed.]. 
264 1 |a New York :  |b W.W. Norton,  |c [1948] 
300 |a 379 pages 
336 |a text  |b txt  |2 rdacontent 
337 |a unmediated  |b n  |2 rdamedia 
338 |a volume  |b nc  |2 rdacarrier 
504 |a Bibliographical footnotes. 
600 1 0 |a Hansen, Alvin H.  |q (Alvin Harvey),  |d 1887-1975. 
650 0 |a Economics. 
700 1 |a Metzler, Lloyd A.  |q (Lloyd Appleton) 
999 |a MARS 
999 f f |s f7c12fdb-4612-3cc2-841e-2877ec6f8660  |i 7b9bf148-7827-37c5-b8f4-b49a1479600a  |t 0 
952 f f |p ric  |a Texas A&M University  |b Rellis Campus  |c Joint Library Facility  |d Remote Storage  |t 0  |e HB31 .I55  |h Library of Congress classification  |i unmediated -- volume  |m A14800696183 
998 f f |a HB31 .I55  |t 0  |l Remote Storage